| 000 | 01358nam a2200349Ia 4500 | ||
|---|---|---|---|
| 001 | ebr10560681 | ||
| 003 | CaPaEBR | ||
| 006 | m u | ||
| 007 | cr cn||||||||| | ||
| 008 | 110411s2011 enk sb 001 0 eng d | ||
| 010 | _z 2011015487 | ||
| 020 | _z9781118112403 | ||
| 020 | _z9780470671054 | ||
| 020 | _z047067105X | ||
| 040 |
_aCaPaEBR _cCaPaEBR |
||
| 035 | _a(OCoLC)770695975 | ||
| 050 | 1 | 4 |
_aPQ4418 _b.B45 2011eb |
| 082 | 0 | 4 |
_a851/.1 _222 |
| 100 | 1 |
_aBelliotti, Raymond A., _d1948- |
|
| 245 | 1 | 0 |
_aDante's deadly sins _h[electronic resource] : _bmoral philosophy in Hell / _cRaymond Angelo Belliotti. |
| 260 |
_aChichester, West Sussex ; _aMalden, MA : _bWiley-Blackwell, _c2011. |
||
| 300 | _axvi, 199 p. | ||
| 504 | _aIncludes bibliographical references and index. | ||
| 533 |
_aElectronic reproduction. _bPalo Alto, Calif. : _cebrary, _d2011. _nAvailable via World Wide Web. _nAccess may be limited to ebrary affiliated libraries. |
||
| 600 | 0 | 0 |
_aDante Alighieri, _d1265-1321. _tDivina commedia. |
| 600 | 0 | 0 |
_aDante Alighieri, _d1265-1321 _xEthics. |
| 650 | 0 | _aDeadly sins in literature. | |
| 650 | 0 | _aHell in literature. | |
| 655 | 7 |
_aElectronic books. _2local |
|
| 710 | 2 | _aebrary, Inc. | |
| 856 | 4 | 0 |
_uhttp://site.ebrary.com/lib/rucke/Doc?id=10560681 _zAn electronic book accessible through the World Wide Web; click to view |
| 999 |
_c192954 _d192954 |
||